000 00835nam a2200289 i 4500
001 000038620
003 DO-SdBNP
005 20250627082844.0
007 ta
008 250627s2002 dr 000 0 spa d
020 _a9993476560
040 _aDO-SdBNP
_bspa
_cBNPHU
_drda
041 _hsp
082 _axxx
_bT628f
_222
100 1 _aTobal, Vinicio
_eautor
_4aut.
_964953
245 1 0 _aFundamentos de derecho administrativo /
_cVinicio Tobal.
250 _aSegunda edición ampliada y actualizada
264 _aSanto Domingo :
_bAlfa y Omega,
_c2002
300 _a286 páginas. ;
_c23 cm.
336 _ardacontent
_btexto
_2txt
337 _ardamedia
_bsin mediación
_2n
338 _ardacarrier
_bvolumen
_2nc
504 _aBibliografía : p. 192-194
590 _aInventariado, 2025/DG
910 _aDG
942 _2ddc
_cLBS1
999 _c59385
_d59385